Najlepsze drużyny z danego województwa - Statystyki

Ogólne statystyki
  • Ten quiz został rozwiązany 32 razy
  • Średni wynik to 12 z 16
Statystyki odpowiedzi
województwo drużyna % Poprawnych
wielkopolskie Lech Poznań
97%
mazowieckie Legia Warszawa
97%
pomorskie Lechia Gdańsk
93%
podlaskie Jagiellonia Białystok
87%
lubelskie Motor Lublin
87%
zachodniopomorskie Pogoń Szczecin
87%
śląskie Raków Częstochowa
87%
łódzkie Widzew Łódź
87%
małopolskie Cracovia
83%
opolskie Odra Opole
83%
świętokrzyskie Korona Kielce
80%
dolnośląskie Zagłębie Lubin
80%
podkarpackie Stal Mielec
67%
warmińsko-mazurskie Olimpia Elbląg
30%
kujawsko-pomorskie Olimpia Grudziądz
27%
lubuskie Carina Gubin
10%
Nie znaleziono quizów pasujących do podanych kryteriów
Rozkład punktacji
Procent ludzi z każdym wynikiem
Percentyl według liczby udzielonych odpowiedzi
Twoja historia wyników
Nie rozwiązałeś tego quizu